Responses for Show #5494 - Thursday, June 26, 2008

Contestants

[<< previous game]

John Baur, an author and pirate from Albany, Oregon

Toni Case, a substitute teacher from Kansas City, Missouri

Dorothy Farrell, a researcher originally from Brooklyn, New York (whose 2-day cash winnings total $52,002)

[next game >>]

Jeopardy! Round responses

WOMEN WRITERS
THE SUBJECT WAS NOSES
BELLY UP TO THE BAR
BABOONS, BATS, & BANDICOOTS
STREET-WISE
"R" GANG
    $200 6
Edinburgh

Dorothy
    $200 21
Bob Hope

John
    $200 1
black and tan

Dorothy
    $200 26
vampire bats

Toni
    $200 11
5th Avenue

John
    $200 14
runner-up

John
    $400 7
Little Women

Toni
    $400 22
(Jimmy) Durante

John
    $400 2
the olive

John
    $400 27
harem

Toni
    $400 12
Bourbon Street

Toni
    $400 15
receipt

Dorothy
    $600 8
Amy Tan

Toni
    $600 23
Gonzo

Dorothy
    $600 3
Manhattan

Dorothy
    $600 28
big-eared (or long-eared)

John
    $600 13
Downing Street

John
    $600 18
rigatoni

Dorothy
    $2,000 9
(Toni: Oh! I don't have to ring in. Um... [*]? (Quickly.) Who is [*]?)
(Alex: She is the correct response.)

Toni Morrison

Toni
    $800 24
W.C. Fields

Toni
    $800 4
margarita

John
    $800 29
Tasmania

Dorothy
    $800 16
(John: What is the Strip?)
(Alex: Downtown -- [*]. The Strip is elsewhere.)

Fremont Street

John
Triple Stumper
    $800 19
rock climbing

Dorothy
    $1000 10
(Virginia) Woolf

Dorothy
    $1000 25
(Alex: John [*], right.)

Barrymore

John
    $1000 5
bitters

Toni
    $1000 30
the howler monkey

Triple Stumper
    $1000 17
Rome

Dorothy
    $1000 20
reincarnations

Toni

Scores at the first commercial break (after clue 15):

Dorothy Toni John
$2,400 $4,400 $2,200

Scores at the end of the Jeopardy! Round:

Dorothy Toni John
$6,200 $6,800 $3,600

Double Jeopardy! Round responses

WORLD CAPITALS
APPROXIMATE WEIGHTS & MEASURES
THAT'S INVENTIVE!
ON WORDS
CHRISTIAN
SOLDIERS
    $400 21
Tokyo

Dorothy
    $400 26
a nugget

Dorothy
    $400 4
(Jacques) Cousteau

John
    $400 1
lunch & supper

John
    $400 11
Christian Slater

Dorothy
    $400 16
Sherman

Dorothy
    $800 22
Brasilia

John
    $800 27
a trace

Toni
    $800 5
Edison

John
    $800 2
right

Dorothy
    $800 12
Hans Christian Andersen

John
    $800 17
Schwarzkopf

Dorothy
    $1200 23
Wellington

Toni
    $1200 28
a hint

Dorothy
    $1200 8
(Alessandro) Volta

John
    $1200 3
a mall

Toni
    $1200 13
(Dorothy: Who is Fletcher Christianson?)

Fletcher Christian

DorothyJohn
    $1200 18
MacArthur

Dorothy
    $1600 24
Prague

Dorothy
    $1600 29
(John: What is grove?)

a clump

John
Triple Stumper
    $1600 9
rubber

Triple Stumper
    $1600 6
(Toni: [long pause] What is an untouchable?)

a pariah

Toni
Triple Stumper
    $1600 15
Christian Bale

Dorothy
    $4,000 19
(Alex: John J. Black Jack [*].)

Pershing

Dorothy
    $2000 25
(Dorothy: What is Ukraine?)

Belarus

DorothyToni
    $2000 30
masses

John
    $2000 10
(Toni: Who is Gatling?)
...
(Alex: Gatling was a gun.)

(Henry) Shrapnel

DorothyToni
    $2,000 7
decimate

John
    $2000 14
(Dorothy: Who is Christian Lacroix?)
(John: Who is Christian Dior?)

Christian Louboutin

DorothyJohn
Triple Stumper
    $2000 20
Andrew Jackson

Triple Stumper

Scores at the end of the Double Jeopardy! Round:

Dorothy Toni John
$15,800 $8,400 $9,600

[wagering suggestions for these scores]

Final Jeopardy! Round responses

THE OSCARS
(Alex: Don't you all hate yourselves now for missing that one? And you know something? The folks at home missed it too. Everybody misses it.)
ToniWho is John Huston?
$1,905
JohnWho is Spielberg Welles
$9,500
DorothyWho is John Huston
$3,401
Woody Allen

Final scores:

Dorothy Toni John
$12,399 $6,495 $100
3-day champion: $64,401 2nd place: $2,000 3rd place: $1,000

Game dynamics:

Coryat scores:

Dorothy Toni John
$13,400 $7,200 $9,600
22 R
(including 1 DD),
3 W
13 R
(including 1 DD),
2 W
18 R
(including 1 DD),
3 W

Combined Coryat: $30,200

[game clues] [game scores] [suggest correction]

Game tape date: 2008-03-19
The J! Archive is created by fans, for fans. Scraping, republication, monetization, and malicious use prohibited; this site may use cookies and collect identifying information. See terms. The Jeopardy! game show and all elements thereof, including but not limited to copyright and trademark thereto, are the property of Jeopardy Productions, Inc. and are protected under law. This website is not affiliated with, sponsored by, or operated by Jeopardy Productions, Inc. Join the discussion at JBoard.tv.